00684 a2200193 4500010001400000020001500014035001300029037001800042082001100060090001500071245011700086260004400203300002500247700002500272710001700297942002500314999001500339952013600354 aENG-85525 c300.00a28 aEN-69058 bD.B.Act / Pub14a808.88 c2875d28751 aArignar Anna's essays editorials epistles & satiresccompiled and edited by M. S. Venkatachalam and M. Natrajan aChennaibTamil Arasi Publicationsc2005 a663 p.c22 cm (Pbk.)1 aVenkatachalam, M. S.1 aNatrajan, M. adpcENk808.88 / ARI c2820d2820 00102ddc40718NFICaDBADbDBADeDBAD/PUBg300.00l0o808.883 ARIpEN-69058r2008-09-15 00:00:00t1u3009v300.00w2008-09-15yEN